| 000 | 00711 a2200193 4500 | ||
|---|---|---|---|
| 020 | _a0387306552 | ||
| 020 | _a9780387306551 | ||
| 082 | _a003.54 | ||
| 090 |
_c1066 _d1066 |
||
| 100 | 1 | _aSalicone, Simona. | |
| 245 | 1 | 0 |
_aMeasurement uncertainty : _ban approach via the mathematical theory of evidence / _cSimona Salicone. |
| 260 |
_a[S.l.] : _bSpringer, _c2007. |
||
| 300 |
_a238 p. ; _c24 cm. |
||
| 490 | 1 | _aSpringer series in reliability engineering. | |
| 700 | _aSalicone, Simona. | ||
| 830 | _aSpringer series in reliability engineering | ||
| 942 |
_aSNS _cBK _k003.54 SAL |
||
| 999 |
_c29683 _d29683 |
||